00501nmm a2200157Ia 4500008004100000020001800041041000800059100002000067245009200087264004800179300001800227650002300245856005100268942000700319999001700326251105s9999||||xx |||||||||||||||||und|| a9789580613213 aspa aLondoño, John 0aEspejos de noviembre :b Novela basada en la toma del Palacio de Justicicia de Colombia a[Bogotá, Colombia] :bOveja Negra, c2015 a237 páginas aHistorical fiction uhttps://public.digitaliapublishing.com/a/39848 cCF c94965d94965